Auscultación cardíaca (Record no. 58303)

MARC details
000 -LEADER
campo de control de longitud fija 00641nam a2200181 i 4500
001 - NÚMERO DE CONTROL
campo de control 58303
003 - IDENTIFICADOR DE NÚMERO DE CONTROL
campo de control ES-MaACL
005 - FECHA Y HORA DE LA ÚLTIMA TRANSACCIÓN
campo de control 20230906163756.0
007 - CAMPO FIJO DE DESCRIPCIÓN FÍSICA--INFORMACIÓN GENERAL
campo de control de longitud fija t|
008 - DATOS DE LONGITUD FIJA--INFORMACIÓN GENERAL
campo de control de longitud fija 031021s1959 sp |||| | spa d
100 1# - ENTRADA PRINCIPAL--NOMBRE DE PERSONA
Nombre de persona Durán Molina, José.
9 (RLIN) 46228
245 10 - MENCIÓN DEL TÍTULO
Título Auscultación cardíaca
Resto del título : cuatro lecciones /
Mención de responsabilidad, etc. José Durán Molina.
260 ## - PUBLICACIÓN, DISTRIBUCIÓN, ETC.
Lugar de publicación, distribución, etc. Santa Cruz de Tenerife :
Nombre del editor, distribuidor, etc. Instituto de Fisiología y Patología Regionales,
Fecha de publicación, distribución, etc. 1959 (
Fabricante Imp. Católica)
300 ## - DESCRIPCIÓN FÍSICA
Extensión 31 p. ;
Dimensiones 21 cm.
650 #4 - PUNTO DE ACCESO ADICIONAL DE MATERIA--TÉRMINO DE MATERIA
Término de materia o nombre geográfico como elemento de entrada Auscultación cardíaca.
9 (RLIN) 138913
710 2# - ENTRADA AGREGADA--NOMBRE DE ENTIDAD CORPORATIVA
Nombre de entidad corporativa o nombre de jurisdicción como elemento de entrada Instituto de Fisiología y Patología Regionales de Tenerife.
9 (RLIN) 4737
852 ## - LOCALIZACIÓN
Ubicación ES-MaACL
Número de control de estantería 2011-F-3
Holdings
Estatus retirado Estado de pérdida Estado de daño No para préstamo Colección Biblioteca de origen Biblioteca actual Ubicación en estantería Fecha de adquisición Fuente de adquisición Total de préstamos Signatura topográfica completa Código de barras Visto por última vez Precio de reemplazo Tipo de ítem Koha
        Colección de folletos Biblioteca del Ateneo de Madrid Biblioteca del Ateneo de Madrid Depósito folletos 17/01/2008     2011-F-3 1061179 23/02/2023 23/02/2023 Folleto